00390nam a2200109Ia 4500082001300000245006400013100004200077942000700119008004100126999001700167952009600184 aEJF BLYT 0aThe mysteries collection : [three exciting stories in one]  a BLYTON, Enid London, 2002 913467 cBK210817s9999 xx 000 0 und d c78752d78754 00104070aCAROLbCAROLd2021-08-17g104.00l0p33228019663358r2021-08-17w2021-08-17yBK